000 01287cam a2200385 4500
001 ABS65485
008 020524n2002 000 0 eng u
035 _a(Sirsi) u118128
245 _aOffice trends
260 _c2002
490 _aEstates Gazette
_v(0220) 18 May 2002, 3-79(50)
520 _aSupplement (8th edition) produced in collaboration with the British Council for Offices looks at the post 11 September office market and issues shaping the offices of the future.
590 _aABS
650 _aBRITISH COUNCIL FOR OFFICES
650 _aTALL BUILDINGS
650 _aEDINBURGH
650 _aEUROPEAN PROPERTY INVESTMENT
650 _aREGIONAL OFFICES
650 _aMEGADEALS
650 _aCALL CENTRES
650 _aPROPERTY-COMMERCIAL PROPERTY-RETAIL PROPERTY-RETAIL PROPERTY MARKET
650 _aINTEGRATED TRANSPORT
650 _aSERVICED OFFICES
650 _aOFFICE TOWERS
650 _aBUILDING REGULATIONS 2001 PART L1
650 _aBUILDING REGULATIONS 2001 PART L2
650 _aOFFICE ENVIRONMENT
650 _aOFFICE INNOVATION
650 _aWIRELESS TECHNOLOGY
650 _aTELEWORKING
650 _aHOT DESKING
650 _aWEST COUNTRY
690 _aPROPERTY-COMMERCIAL PROPERTY-COMMERCIAL PROPERTY MARKET
942 _n0
999 _c70346
_d70346